000 00671nam a2200241Ia 4500
003 OSt
005 20221006165300.0
006 a|||||r|||| 00| 0
007 ta
008 221006b |||||||| |||| 00| 0 eng d
024 _a1,006
037 _cTextual
040 _aFML
_cFML
_beng
041 _2eng
_aeng
082 _aN44Q7000, J5
100 _aIkram S. M. Au.
_9678083
245 0 _aCultural Heritage of Pakistan
260 _aLondon
_bOxford University Press
_c1955
300 _a204
_ccm.
700 _a Spear Percival Au.
_9679476
942 _hN44Q7000, J5
_cTEXL
_2CC
999 _c1120267
_d1120267